Quiz Mappa dell'Europa occidentale - Statistics

Statistiche generali
  • Questo quiz è stato fatto 98 volte
  • Il punteggio medio è 22 su 24
Risposte nella Mappa
Le risposte nella mappa del quiz sottostante sono codificate secondo una scala di colori dal rosso al verde in base alla % di persone che hanno risposto correttamente.
 
Statistiche sulle risposte
Risposta % Corretto
Germania
95%
Irlanda
95%
Islanda
95%
Italia
95%
Austria
94%
Città del Vaticano
94%
Francia
94%
Grecia
94%
Regno Unito
94%
San Marino
94%
Belgio
93%
Finlandia
93%
Malta
93%
Svizzera
93%
Norvegia
91%
Paesi Bassi
91%
Portogallo
91%
Spagna
91%
Danimarca
90%
Andorra
89%
Monaco
89%
Lussemburgo
88%
Svezia
88%
Liechtenstein
86%
Nessun quiz corrispondente trovato
Distribuzione punteggi
Percentuale di utenti per punteggio
Percentile per numero di risposta
I tuoi punteggi nel tempo
Non hai fatto questo quiz